000 00252nam a22000857a 4500
008 170609b xxu||||| |||| 00| 0 eng d
100 _93344
_aMisra R. R
245 _aNew course science and technology chemistry-IX
260 _aNew Delhi
_bArya publication
_c2005
999 _c6673
_d6673